000 00415nam a22001697a 4500
999 _c1126
_d1126
005 20211203132109.0
008 160519b xxu||||| |||| 00| 0 eng d
020 _a978-81-203-4128-9
041 _aeng
082 _b3306
100 _aRajhuvarshi G.S.
_9819
245 _aEngineering Physics
260 _aNew Delhi
_bPHI learning Pvt. Ltd.
300 _a467
650 _aDIPLOMA ENGINEERING
_9817
942 _cBK